Plaidoyers politiques

Guardat en:
Dades bibliogràfiques
Autor principal: Demóstenes (Autor)
Format: Llibre
Idioma:francès
grec
Publicat: París Les Belles Lettres 1947
Col·lecció:Collection des Universités de France
Matèries:
Etiquetes: Afegir etiqueta
Sense etiquetes, Sigues el primer a etiquetar aquest registre!

MARC

LEADER 00000nam a2200000 a 4500
001 UCO5802
003 CL-VaPUC
008 000915e19470000FR |||||||||||||||||fre|d
041 0 7 |a fre  |2 CL-VaPUC 
041 0 7 |a gre  |2 CL-VaPUC 
082 0 4 |a 885  |b DEM  |2 21 
100 0 |a Demóstenes  |e author  |9 265026 
245 1 0 |a Plaidoyers politiques 
300 |a v 
942 |c BK 
945 |d 20000915 00:00:00  |a crobeson 
260 |a París  |b Les Belles Lettres  |c 1947 
500 |a v.1: Contre Androtion - Contre la loi de Leptine - Contre Timocrate 
500 |a v.2: Contre Midas - Contre Aristocrate 
500 |a v.3: Sur les forfaitures de l'ambassade 
500 |a v.4: Sur la couronne - Contre Aristogiton I et II 
650 0 |a Discursos griegos   |9 318236 
650 0 |a Oratoria griega  |9 265027 
650 7 |a LITERATURA GRIEGA  |2 CL-VaPUC  |9 258054 
583 |a last modification  |c 20000915 00:00:00  |k Rodrigo Vera 
490 0 |a Collection des Universités de France 
999 |c 291632  |d 291630 
952 |0 0  |1 0  |4 0  |6 885_000000000000000_DEM_1947  |7 0  |8 X  |9 341647  |a BIBART  |b BIBART  |d 2019-11-20  |h v.1  |i 1223100  |o 885 DEM 1947  |p 1223100  |r 2025-03-13  |w 2019-11-20  |y BK_X  |k ART 
952 |0 0  |1 0  |4 0  |6 885_000000000000000_DEM_1947  |7 0  |8 X  |9 341648  |a BIBART  |b BIBART  |d 2019-11-20  |h v.2  |i 1223119  |o 885 DEM 1947  |p 1223119  |r 2025-03-13  |w 2019-11-20  |y BK_X  |k ART 
952 |0 0  |1 0  |4 0  |6 885_000000000000000_DEM_1947  |7 0  |8 X  |9 341649  |a BIBART  |b BIBART  |d 2019-11-20  |h v.4  |i 1223127  |o 885 DEM 1947  |p 1223127  |r 2025-03-13  |w 2019-11-20  |y BK_X  |k ART